| 000 | 00858cam a22002413a 4500 | ||
|---|---|---|---|
| 001 | 33191 | ||
| 003 | PGUSA | ||
| 005 | 20140828083722.0 | ||
| 008 | 100717s2010||||xxu|||||s|||||000 | eng d | ||
| 040 |
_aPGUSA _beng |
||
| 042 | _adc | ||
| 050 | 4 | _aPZ | |
| 100 | 1 |
_aFanny, Aunt, _d1822-1894 |
|
| 245 | 1 | 0 |
_aMore Mittens; with The Doll's Wedding and other stories : _bBeing the third book of the series _h[electronic resource] / _cAunt Fanny |
| 260 |
_bProject Gutenberg, _c2010 |
||
| 505 | 0 | _aA letter from Aunt Fanny -- The doll's wedding -- What came of gipsying -- The child heroine -- Aunt Mary -- Little Peter -- The story told to Willie. | |
| 506 | _aPublic domain in the USA. | ||
| 516 | _aElectronic text | ||
| 653 | _aChildren's stories | ||
| 830 | 0 |
_aProject Gutenberg _v33191 |
|
| 856 | 4 | 0 | _uhttp://www.gutenberg.org/ebooks/33191 |
| 942 | _cEB | ||
| 999 |
_c262446 _d262446 |
||